| 000 | 00416nam a2200169 a 4500 | ||
|---|---|---|---|
| 005 | 20140412111427.0 | ||
| 008 | 090701s19uu xx 00 eng d | ||
| 020 | _a89-527-3869-1 | ||
| 050 |
_aTR(PS E _bGo53 |
||
| 100 | _aKelly, L.R. | ||
| 245 |
_aGo Fish / _cL.R. Kelly. |
||
| 260 |
_aU.S.A : _bPearson Education. |
||
| 300 | _a8p. | ||
| 440 | _aScott foresman reading | ||
| 650 | _aPhonics | ||
| 999 |
_c106265 _d106265 |
||